[Event "Olympiad Women-41"]
[Site "Tromsoe"]
[Date "2014.08.14"]
[Round "11.1"]
[White "Lin, Yu Tong Elaine"]
[Black "Ooft, Tesora"]
[Result "1-0"]
[WhiteElo "1519"]
[BlackElo "1737"]
[PlyCount "139"]
[EventDate "2014.08.02"]
[EventType "team-swiss"]
[EventRounds "11"]
[EventCountry "NOR"]
[SourceTitle "CBM 162"]
[Source "ChessBase"]
[SourceDate "2014.09.17"]
[SourceVersion "1"]
[SourceVersionDate "2014.09.17"]
[SourceQuality "1"]
[WhiteTeam "Taiwan (W)"]
[BlackTeam "Surinam (W)"]
[WhiteTeamCountry "TPE"]
[BlackTeamCountry "SUR"]

1. d4 f5 2. e3 Nf6 3. Bd3 e6 4. Nd2 d6 5. f4 Nc6 6. Ngf3 g6 7. 0-0 Bg7 8. c3 0-0 9. b4 Nd5 10. Nb1 a6 11. Bc4 b5 12. Bxd5 exd5 13. Qb3 Ne7 14. Nbd2 Kh8 15. a4 Bd7 16. a5 Rc8 17. Bb2 Re8 18. Ng5 Kg8 19. e4 h6 20. Ngf3 fxe4 21. Nxe4 Kh7 22. Nf2 c6 23. Rfe1 Nf5 24. Qc2 Ne3 25. Qc1 Nc4 26. Ra2 Rxe1+ 27. Qxe1 Qf6 28. Bc1 Re8 29. Re2 Rxe2 30. Qxe2 Bf8 31. g3 Qf5 32. Qd3 Qe6 33. Kf1 Qf5 34. Qxf5 Bxf5 35. Nh4 Be6 36. Ke2 Be7 37. Nf3 Kg7 38. Ke1 Bf5 39. Ke2 Be4 40. Ng1 g5 41. Ngh3 gxf4 42. Nxf4 Bf5 43. g4 Bd7 44. h3 Bg5 45. Kf3 Kf7 46. N2d3 Kg7 47. Kg3 Be7 48. h4 Kh7 49. Ne1 Kg7 50. Nf3 Bd8 51. g5 hxg5 52. Nxg5 Bxg5 53. hxg5 Bf5 54. Kh4 Bd7 55. Kh5 Bf5 56. g6 Bd7 57. Kg5 Kg8 58. Kf6 Bg4 59. g7 Bf5 60. Kxf5 Kxg7 61. Ne6+ Kg8 62. Nc7 c5 63. Nxa6 cxb4 64. cxb4 Kf7 65. Nc7 Ke7 66. a6 Kd7 67. a7 Nb6 68. a8Q Nxa8 69. Nxa8 Kc6 70. Ke6 1-0

[Event "Olympiad Women-41"]
[Site "Tromsoe"]
[Date "2014.08.08"]
[Round "6.1"]
[White "Shamima, Akter Liza"]
[Black "Lin, Yu Tong Elaine"]
[Result "1-0"]
[WhiteElo "2147"]
[BlackElo "1519"]
[PlyCount "103"]
[EventDate "2014.08.02"]
[EventType "team-swiss"]
[EventRounds "11"]
[EventCountry "NOR"]
[SourceTitle "CBM 162"]
[Source "ChessBase"]
[SourceDate "2014.09.17"]
[SourceVersion "1"]
[SourceVersionDate "2014.09.17"]
[SourceQuality "1"]
[WhiteTeam "Bangladesh (W)"]
[BlackTeam "Taiwan (W)"]
[WhiteTeamCountry "BAN"]
[BlackTeamCountry "TPE"]

1. d4 f5 2. c4 e6 3. Nc3 Nf6 4. g3 c6 5. Bg2 d5 6. Nf3 Bd6 7. b3 Nbd7 8. 0-0 0-0 9. Qc2 Ne4 10. a4 Qe8 11. Ba3 Bxa3 12. Rxa3 Qh5 13. e3 Rf6 14. h4 Rh6 15. Rc1 Ndf6 16. Ne5 g5 17. Bf3 Ng4 18. Nxe4 dxe4 19. Bxg4 fxg4 20. Qxe4 gxh4 21. Qxg4+ Qxg4 22. Nxg4 Rg6 23. Ne5 Rg7 24. Kh2 hxg3+ 25. fxg3 Bd7 26. Rf1 Rf8 27. Raa1 Be8 28. a5 a6 29. c5 Bh5 30. Rae1 h6 31. Kh3 Be8 32. b4 Rg5 33. Rf4 Kg7 34. Ref1 Rh5+ 35. Kg2 Rxf4 36. Rxf4 Rg5 37. e4 h5 38. Nc4 Bg6 39. e5 Rg4 40. Kf3 Rxf4+ 41. Kxf4 Kh6 42. Nd6 Bd3 43. Nxb7 Bc4 44. Nd6 Bd5 45. Nc8 Bc4 46. Ne7 Bb5 47. d5 exd5 48. e6 Kg7 49. Ke5 Kf8 50. Nf5 Bc4 51. Kf6 Ke8 52. Nd6+ 1-0

[Event "Olympiad Women-40"]
[Site "Istanbul"]
[Date "2012.08.28"]
[Round "1.1"]
[White "Rapport, Jovana"]
[Black "Lin, Yu Tong Elaine"]
[Result "1-0"]
[WhiteElo "2337"]
[BlackElo "1482"]
[PlyCount "81"]
[EventDate "2012.08.28"]
[EventType "team-swiss"]
[EventRounds "11"]
[EventCountry "TUR"]
[SourceTitle "CBM 150 Extra"]
[Source "ChessBase"]
[SourceDate "2012.10.19"]
[SourceVersion "1"]
[SourceVersionDate "2012.10.19"]
[SourceQuality "1"]
[WhiteTeam "Montenegro (W)"]
[BlackTeam "Taiwan (W)"]
[WhiteTeamCountry "MNE"]
[BlackTeamCountry "TPE"]

1. Nf3 d5 2. g3 c6 3. Bg2 Nf6 4. 0-0 g6 5. c4 Bg7 6. Qc2 0-0 7. d3 Re8 8. Bf4 Nh5 9. Bxb8 Rxb8 10. cxd5 cxd5 11. Nbd2 Qb6 12. Rfb1 Bg4 13. a4 Rec8 14. Qd1 Rc7 15. a5 Qe6 16. Nb3 Rbc8 17. Nfd4 Qd7 18. Qf1 e5 19. h3 Be6 20. Nxe6 fxe6 21. Rc1 Rxc1 22. Rxc1 Rf8 23. Nc5 Qe7 24. Qe1 Bh6 25. e3 b6 26. axb6 axb6 27. Na6 Ra8 28. Nb4 Rf8 29. Rc6 Qd8 30. Rxe6 Nf6 31. Rxe5 Qd6 32. d4 Bg7 33. Nxd5 Nd7 34. Re7 Rd8 35. Re4 Rf8 36. Rf4 Re8 37. Qb4 Qb8 38. Qb5 Qc8 39. Nxb6 Qc1+ 40. Kh2 Nxb6 41. Qxe8+ 1-0

[Event "Olympiad Women-39"]
[Site "Khanty-Mansiysk"]
[Date "2010.10.01"]
[Round "10.25"]
[White "Stolarczyk, Anna"]
[Black "Lin, Yu Tong Elaine"]
[Result "1-0"]
[WhiteElo "2071"]
[BlackElo "1464"]
[PlyCount "105"]
[EventDate "2010.09.21"]
[EventType "team-swiss"]
[EventRounds "11"]
[EventCountry "RUS"]
[SourceTitle "CBM 139"]
[Source "ChessBase"]
[SourceDate "2010.11.18"]
[SourceVersion "1"]
[SourceVersionDate "2010.11.18"]
[SourceQuality "1"]
[WhiteTeam "IBCA (W)"]
[BlackTeam "Taiwan (W)"]
[BlackTeamCountry "TPE"]

1. d4 Nf6 2. c4 g6 3. Nc3 Bg7 4. e4 d6 5. Bd3 e5 6. d5 0-0 7. Nge2 Nfd7 8. 0-0 Nc5 9. Bc2 f5 10. f4 Nxe4 11. Nxe4 fxe4 12. Bxe4 Bg4 13. Rb1 Nd7 14. h3 Bxe2 15. Qxe2 exf4 16. Bxf4 Qh4 17. Qg4 Qxg4 18. hxg4 Rae8 19. Bd3 Nc5 20. Rbd1 Bxb2 21. Bb1 Rf7 22. g3 Rfe7 23. Kf2 Ne4+ 24. Kf3 Bg7 25. Bxe4 Rxe4 26. c5 Bf8 27. Rf2 Rc4 28. Rb2 b6 29. c6 Rc3+ 30. Kg2 Bg7 31. Rbd2 Ra3 32. Rf1 a5 33. Rf3 Rxf3 34. Kxf3 Kf7 35. Rh2 Rh8 36. a4 Bd4 37. Ke4 Bf6 38. Rf2 Re8+ 39. Kd3 Kg7 40. Re2 Rxe2 41. Kxe2 g5 42. Bxd6 Bd8 43. Be5+ Kf7 44. d6 cxd6 45. Bxd6 b5 46. axb5 a4 47. c7 Bxc7 48. Bxc7 Ke6 49. Kd3 Kd5 50. b6 Kc6 51. Kc4 a3 52. Kb3 a2 53. Kxa2 1-0

[Event "Olympiad Women-39"]
[Site "Khanty-Mansiysk"]
[Date "2010.09.28"]
[Round "7.48"]
[White "Lin, Yu Tong Elaine"]
[Black "Jorquera Cabello, Valentina Paz"]
[Result "0-1"]
[WhiteElo "1464"]
[BlackElo "1970"]
[PlyCount "70"]
[EventDate "2010.09.21"]
[EventType "team-swiss"]
[EventRounds "11"]
[EventCountry "RUS"]
[SourceTitle "CBM 139"]
[Source "ChessBase"]
[SourceDate "2010.11.18"]
[SourceVersion "1"]
[SourceVersionDate "2010.11.18"]
[SourceQuality "1"]
[WhiteTeam "Taiwan (W)"]
[BlackTeam "Chile (W)"]
[WhiteTeamCountry "TPE"]
[BlackTeamCountry "CHI"]

1. e4 c5 2. Nf3 Nc6 3. d4 cxd4 4. Nxd4 Nf6 5. Nc3 e5 6. Ndb5 d6 7. Bg5 a6 8. Na3 b5 9. Nd5 Be7 10. Bxf6 Bxf6 11. c3 0-0 12. Be2 g6 13. Qd3 Bg7 14. Nc2 Be6 15. h4 Bxd5 16. Qxd5 Ne7 17. Qd3 d5 18. Rd1 dxe4 19. Qxe4 Qb6 20. g4 f5 21. gxf5 Nxf5 22. Rd3 Kh8 23. h5 g5 24. Ne3 Nh4 25. Bg4 Qf6 26. Nd1 Ra7 27. f3 Raf7 28. Rf1 Qb6 29. Ne3 Rf4 30. Qd5 e4 31. Rd2 Qxe3+ 32. Kd1 Rxg4 33. Qd6 Nxf3 34. Rd5 Rg2 35. h6 Qe2+ 0-1

[Event "Olympiad Women-39"]
[Site "Khanty-Mansiysk"]
[Date "2010.09.24"]
[Round "4.44"]
[White "Lopang, Tshepiso"]
[Black "Lin, Yu Tong Elaine"]
[Result "0-1"]
[WhiteElo "1932"]
[BlackElo "1464"]
[PlyCount "102"]
[EventDate "2010.09.21"]
[EventType "team-swiss"]
[EventRounds "11"]
[EventCountry "RUS"]
[SourceTitle "CBM 139"]
[Source "ChessBase"]
[SourceDate "2010.11.18"]
[SourceVersion "1"]
[SourceVersionDate "2010.11.18"]
[SourceQuality "1"]
[WhiteTeam "Botswana (W)"]
[BlackTeam "Taiwan (W)"]
[WhiteTeamCountry "BOT"]
[BlackTeamCountry "TPE"]

1. c4 e5 2. Nc3 f5 3. d3 Nf6 4. Bg5 h6 5. Bd2 Nc6 6. Nf3 Bc5 7. h3 d6 8. Na4 Bb6 9. Nxb6 axb6 10. g3 Be6 11. Bg2 Qd7 12. Qc2 0-0 13. a3 Ne7 14. Nh4 c5 15. Qb3 Qc7 16. Qc2 Qd7 17. Qb3 Qc7 18. 0-0 e4 19. dxe4 fxe4 20. Qc2 g5 21. Bxe4 gxh4 22. Bxh6 Rfd8 23. Bg2 Kf7 24. Bg5 Qd7 25. Kh2 Rh8 26. Bxh4 Rag8 27. f4 Nf5 28. Bxf6 Kxf6 29. Qc3+ Ke7 30. g4 Nd4 31. e3 Ne2 32. Qd3 Bxg4 33. Qe4+ Kd8 34. Rf3 Bxf3 35. Qxf3 Ng3 36. Rd1 Nf5 37. Qe4 Nh4 38. Bf1 Nf5 39. Bg2 Nh4 40. Bf1 Nf5 41. Bg2 Re8 42. Qxb7 Qxb7 43. Bxb7 Rxe3 44. Bg2 Kc7 45. Rd5 Rf8 46. Rd2 Nd4 47. a4 Re2 48. Rd3 Rxb2 49. Rg3 Nf5 50. Rg5 Nh4 51. Rg7+ Kd8 0-1

[Event "Wch U14 Girls"]
[Site "Vung Tau"]
[Date "2008.10.28"]
[Round "9"]
[White "Lin, Yu Tong Elaine"]
[Black "Neo, Xiuwen Christabel"]
[Result "0-1"]
[WhiteElo "1487"]
[BlackElo "1716"]
[PlyCount "118"]
[EventDate "2008.10.20"]
[EventType "swiss"]
[EventRounds "11"]
[EventCountry "VIE"]
[SourceTitle "EXT 2009"]
[Source "ChessBase"]
[SourceDate "2008.11.26"]
[SourceVersion "1"]
[SourceVersionDate "2008.11.26"]
[SourceQuality "1"]

1. e4 b6 2. d4 e6 3. Bd3 Bb7 4. Ne2 d6 5. 0-0 g6 6. Nd2 Bg7 7. c3 Ne7 8. Ng3 0-0 9. f4 f5 10. exf5 exf5 11. Nf3 h6 12. Re1 Nd7 13. Bc2 Nf6 14. Bb3+ Kh7 15. c4 d5 16. cxd5 Nexd5 17. Bd2 Qd6 18. Ne5 Nd7 19. Rc1 c5 20. dxc5 Nxc5 21. Nc4 Qc6 22. Qf3 Qc7 23. Ne5 Qd6 24. Bc4 Rad8 25. Bc3 Qb8 26. Rcd1 Qa8 27. Bf1 Nb4 28. Qf2 Bxe5 29. fxe5 Nbd3 30. Qe2 Nxe1 31. Rxe1 Ba6 32. Qc2 Bd3 33. Bxd3 Nxd3 34. Rf1 Qd5 35. Qe2 Rfe8 36. Rf3 Qc5+ 37. Kf1 Nc1 38. Qe1 Qc4+ 39. Kg1 Nxa2 40. Nf1 Qc5+ 41. Kh1 Nxc3 42. Rxc3 Rxe5 43. Qc1 Qe7 44. Rh3 g5 45. Rf3 Qe6 46. h3 Re1 47. Qc2 Rd5 48. Kh2 Qe5+ 49. Kg1 Kg7 50. Rf2 Qd4 51. b3 Rc5 52. Qa2 a5 53. Kh2 Qd3 54. Qb2+ Kg6 55. Rd2 Qc3 56. Qa2 Qe5+ 57. Kg1 Qe3+ 58. Kh2 Qf4+ 59. Ng3 Re3 0-1

[Event "Wch U14 Girls"]
[Site "Vung Tau"]
[Date "2008.10.24"]
[Round "6"]
[White "Lin, Yu Tong Elaine"]
[Black "Vasiljeva, Sofija"]
[Result "0-1"]
[WhiteElo "1487"]
[BlackElo "1842"]
[PlyCount "150"]
[EventDate "2008.10.20"]
[EventType "swiss"]
[EventRounds "11"]
[EventCountry "VIE"]
[SourceTitle "EXT 2009"]
[Source "ChessBase"]
[SourceDate "2008.11.26"]
[SourceVersion "1"]
[SourceVersionDate "2008.11.26"]
[SourceQuality "1"]

1. e4 c5 2. Nf3 e6 3. d4 cxd4 4. Nxd4 a6 5. Nc3 Qc7 6. Be2 Nf6 7. 0-0 d6 8. Be3 b5 9. a3 Bb7 10. f3 Be7 11. Qe1 0-0 12. Rd1 Nbd7 13. Qf2 Rac8 14. Bd3 Ne5 15. Nde2 d5 16. exd5 Bxd5 17. Nxd5 Nxd5 18. Bd4 Bc5 19. c3 Bxd4 20. Nxd4 Nb6 21. Bc2 Nec4 22. Bb1 Nd5 23. Rfe1 Qb6 24. Qh4 h6 25. Qf2 Rfd8 26. f4 a5 27. Kh1 b4 28. axb4 axb4 29. Rc1 bxc3 30. bxc3 Na3 31. Qf3 Qa5 32. Ne2 Nxb1 33. Rxb1 Nxc3 34. Nxc3 Rxc3 35. Qe4 Rcd3 36. Qe2 Rd2 37. Qf3 Qa4 38. Rf1 Qd4 39. Rbe1 Rd3 40. Qe2 Qc3 41. Rc1 Qf6 42. Rce1 Rd2 43. Qe3 Qg6 44. Rg1 R8d3 45. Qe5 Rb3 46. Re2 Rd5 47. Qe4 Qh5 48. Rc2 Qf5 49. Qxf5 Rxf5 50. Rc4 Rb2 51. g3 Rd5 52. Rgc1 Rdd2 53. R4c3 Rxh2+ 54. Kg1 Rh3 55. Rc8+ Kh7 56. R8c3 Rbh2 57. Kf1 Rh1+ 58. Kg2 Rxc1 59. Rxc1 Rh5 60. Rc7 Kg6 61. Rc6 Ra5 62. Kh3 Kf6 63. Kg4 Ra3 64. Rb6 g6 65. Rb5 Kg7 66. Kh4 h5 67. Re5 Ra6 68. Rb5 Ra7 69. Re5 Re7 70. Ra5 f6 71. Rb5 Kh6 72. Ra5 e5 73. fxe5 fxe5 74. Ra6 e4 75. Kh3 Kg5 0-1